[Event "POL-chT 1st League"]
[Site "Ustron"]
[Date "2009.09.12"]
[Round "1"]
[White "Lewandowski, Miroslaw"]
[Black "Rams, Michal"]
[Result "0-1"]
[WhiteElo "2108"]
[BlackElo "2271"]
[PlyCount "52"]
[EventDate "2009.09.12"]
[EventType "team-swiss"]
[EventRounds "9"]
[EventCountry "POL"]
[SourceTitle "CBM 132 Extra"]
[Source "ChessBase"]
[SourceDate "2009.11.03"]
[SourceVersion "1"]
[SourceVersionDate "2009.11.03"]
[SourceQuality "1"]
[WhiteTeam "Gdynia Korsarz"]
[BlackTeam "Warszawa YMCA"]
[WhiteTeamCountry "POL"]
[BlackTeamCountry "POL"]

1. e4 g6 2. d4 Bg7 3. Nc3 d6 4. f4 a6 5. Be3 b5 6. Qd2 Nd7 7. Nf3 Bb7 8. Bd3 c5 9. 0-0-0 Qa5 10. a3 Rc8 11. Kb1 b4 12. Na2 c4 13. axb4 Qc7 14. g4 Ngf6 15. Nc3 cxd3 16. cxd3 Nxg4 17. Bg1 f5 18. Ng5 Nf8 19. h3 Nf6 20. Qe2 h6 21. Nf3 fxe4 22. dxe4 Qc4 23. Qe3 Nxe4 24. Re1 Nxc3+ 25. bxc3 Qb3+ 26. Ka1 Qxc3+ 0-1

[Event "POL-chT 2nd League"]
[Site "Ustron"]
[Date "2008.09.14"]
[Round "8.17"]
[White "Rams, Michal"]
[Black "Kempinski, Tomasz"]
[Result "1-0"]
[WhiteElo "2244"]
[BlackElo "2260"]
[PlyCount "81"]
[EventDate "2008.09.06"]
[EventType "team-swiss"]
[EventRounds "9"]
[EventCountry "POL"]
[SourceTitle "EXT 2015"]
[Source "ChessBase"]
[SourceDate "2014.11.20"]
[SourceVersion "1"]
[SourceVersionDate "2014.11.20"]
[SourceQuality "1"]
[WhiteTeam "Warszawa YMCA"]
[BlackTeam "Gdanski Drapol Jantar Pruszcz"]
[WhiteTeamCountry "POL"]
[BlackTeamCountry "POL"]

1. e4 c5 2. Nf3 g6 3. d4 Bg7 4. Nc3 cxd4 5. Nxd4 Nc6 6. Nde2 Nf6 7. g3 0-0 8. Bg2 d6 9. 0-0 Bd7 10. h3 Ne5 11. a4 a5 12. Nd5 Nxd5 13. exd5 b5 14. axb5 Bxb5 15. Re1 Qb6 16. Ra2 Rfc8 17. Be3 Qb7 18. Bd4 Bc4 19. Bxe5 Bxa2 20. Bxg7 Kxg7 21. b3 Kg8 22. Nd4 a4 23. Nc6 Re8 24. b4 Bc4 25. Qd4 Bb5 26. Na5 Qa7 27. Qd2 Rac8 28. Nc6 Bxc6 29. dxc6 Rc7 30. c4 Rb8 31. Ra1 a3 32. Qc3 Qa4 33. b5 a2 34. Bf3 e6 35. Bd1 Qa7 36. Bb3 Qc5 37. Rxa2 Rcc8 38. Qe3 Qf5 39. Bc2 Qxh3 40. Qa7 h5 41. c7 1-0

[Event "POL-chT 2nd League"]
[Site "Wysowa"]
[Date "2007.09.10"]
[Round "8"]
[White "Rams, Michal"]
[Black "Walkusz, Witoslaw"]
[Result "0-1"]
[WhiteElo "2212"]
[BlackElo "2180"]
[PlyCount "68"]
[EventDate "2007.09.03"]
[EventType "team-swiss"]
[EventRounds "9"]
[EventCountry "POL"]
[SourceTitle "EXT 2010"]
[Source "ChessBase"]
[SourceDate "2010.11.25"]
[SourceVersion "1"]
[SourceVersionDate "2010.11.25"]
[SourceQuality "1"]
[WhiteTeam "Warszawa YMCA"]
[BlackTeam "Gdynia Korsarz"]
[WhiteTeamCountry "POL"]
[BlackTeamCountry "POL"]

1. e4 e5 2. Nf3 Nc6 3. Bb5 a6 4. Bxc6 dxc6 5. 0-0 Qd6 6. Na3 f6 7. d4 exd4 8. Nxd4 c5 9. Ne2 Qxd1 10. Rxd1 Be6 11. Bf4 Rc8 12. Bg3 Ne7 13. Nf4 Bf7 14. c4 Nc6 15. Nd5 Bxd5 16. cxd5 Nd4 17. Kf1 Bd6 18. Rac1 Bxg3 19. hxg3 b6 20. b4 cxb4 21. Rxd4 bxa3 22. d6 Kf7 23. d7 Rb8 24. Rxc7 Rhd8 25. Rd3 a5 26. Rxa3 Ke7 27. Rd3 b5 28. Ra7 Ra8 29. Rxa8 Rxa8 30. Ke2 Kd8 31. Rd5 b4 32. Kd3 a4 33. Rd4 b3 34. axb3 a3 0-1